Central Library OPAC University of Rajshahi

The elements of social science / (Record no. 33286)

MARC details
000 -LEADER
fixed length control field 00731nam a2200253 a 4500
001 - CONTROL NUMBER
control field 33286
003 - CONTROL NUMBER IDENTIFIER
rucl marc code BD-RjUL
005 - DATE AND TIME OF LATEST TRANSACTION
control field 20211209051959.0
008 - FIXED-LENGTH DATA ELEMENTS--GENERAL INFORMATION
fixed length control field 140507t1949 enk 001 0 eng d
035 ## - SYSTEM CONTROL NUMBER
System control number (BD-RjUL)33377
040 ## - CATALOGING SOURCE
Original cataloging agency DLC
Transcribing agency UCW
Language of cataloging eng
Modifying agency BD-RjUL
041 ## - LANGUAGE CODE
Language code of text/sound track or separate title eng
082 04 - DEWEY DECIMAL CLASSIFICATION NUMBER
Classification number 301
Author mark and year MAE 1960
100 1# - MAIN ENTRY--PERSONAL NAME
Personal name MacIver, Robert M.
Fuller form of name (Robert Morrison),
Dates associated with a name 1882-1970.
9 (RLIN) 58296
245 14 - TITLE STATEMENT
Title The elements of social science /
Statement of responsibility, etc. by R.M. MacIver
250 ## - EDITION STATEMENT
Edition statement 9th ed., rev
260 ## - PUBLICATION, DISTRIBUTION, ETC. (IMPRINT)
Place of publication, distribution, etc. London :
Name of publisher, distributor, etc. Methuen,
Date of publication, distribution, etc. 1949 [Reprinted 1960]
300 ## - PHYSICAL DESCRIPTION
Pagination vi, 177 p. ;
Size 19 cm
500 ## - GENERAL NOTE
General note "Notes for further reading" : p. 171-173
504 ## - BIBLIOGRAPHY, ETC. NOTE
Bibliography, etc Includes index.
650 #0 - SUBJECT ADDED ENTRY--TOPICAL TERM
Topical term or geographic name as entry element Sociology
9 (RLIN) 101085
942 ## - ADDED ENTRY ELEMENTS (KOHA)
Source of classification or shelving scheme Dewey Decimal Classification
Koha item type Books
Holdings
Lost status Source of classification or shelving scheme Damaged status Not for loan Collection code Permanent Location Current Location Shelving location Date acquired Source of acquisition Cost, normal purchase price Total Checkouts Full call number Date last seen Copy number Koha item type
  Dewey Decimal Classification     Non-fiction Central Library, University of Rajshahi Central Library, University of Rajshahi   25/09/1965 zeithinger 12.60   301 MAE 1960 07/05/2014 C-6 Books
  Dewey Decimal Classification     Non-fiction Central Library, University of Rajshahi Central Library, University of Rajshahi   25/09/1965 zeithinger 12.60   301 MAE 1960 11/05/2014 C-4 Books
  Dewey Decimal Classification     Non-fiction Central Library, University of Rajshahi Central Library, University of Rajshahi   06/10/1965 Zeitlinger 12.60   301 MAE 1960 25/05/2014 C-10 Books
  Dewey Decimal Classification     Non-fiction Central Library, University of Rajshahi Central Library, University of Rajshahi   25/09/1965 Zeitlinger 12.00   301 MAE 1960 29/05/2014 C-3 Books
  Dewey Decimal Classification   Not For Loan Non-fiction Central Library, University of Rajshahi Central Library, University of Rajshahi Reading Room 06/10/1965 Zeitlinger 12.00   301 MAE 1960 07/12/2016 C-1 Books